000 01682cas a2200469 a 4500
001 11375969
005 20140919170038.0
008 900206c19909999cc mr p 0 0eng c
010 _a 90656111
016 7 _a100910572
_2DNLM
022 _a1003-0905
030 _aCHTOEA
035 _a(OCoLC)ocm21007118
037 _bChina Today, 24 Baiwanzhuang Rd., Beijing 10037, China
040 _aOCl
_beng
_cOCl
_dMH
_dDLC
_dOCoLC
_dOUCA
_dNST
_dNSDP
_dInU
_dDNLM
_dGU
_dCU-S
_dOCoLC
042 _apcc
043 _aa-cc---
050 0 0 _aDS701
_b.C643
082 0 0 _a951.05/9/05
_220
130 0 _aChina today (Beijing, China : 1990 : English ed.)
245 1 0 _aChina today.
250 _a[English ed.].
260 _aBeijing :
_bChina Welfare Institute
300 _av. :
_bill. ;
_c26 cm.
310 _aMonthly
362 0 _aVol. 39, no. 1 (Jan. 1990)-
500 _aTitle from cover.
525 _aHas supplements.
580 _aIssued also in Arabic, Chinese, French, German, Portuguese, and Spanish editions.
580 _aIssued also in a North American ed.
590 _aSERBIB/SERLOC merged record
651 0 _aChina
_vPeriodicals.
710 2 _aZhongguo fu li hui.
775 1 _tChina today (Beijing, China : 1990 : North American ed.)
_w(DLC)sn 90014173
_w(OCoLC)20919718
776 0 8 _iOnline version:
_tChina today (Beijing, China : 1990 : English ed. : Online)
_w(OCoLC)53228446
780 0 0 _tChina reconstructs
_x0009-4447
_w(DLC) 54043904
_w(OCoLC)1554324
856 _uwww.chinatoday.com.cn
906 _a7
_bcbc
_cserials
_d2
_encip
_f19
_gn-oclcserc
942 _2ddc
_cSR
_s1
999 _c88864
_d88864